000 00302nam a22001337a 4500
008 170919b xxu||||| |||| 00| 0 eng d
020 _a0898920361
041 _aeng
080 _22 ED
_a7
100 _a44
101 _aART
245 _aVARIETIES OF THEATRICAL ART
_cSTAUB.A.W
942 _2udc
_cBK
999 _c28229
_d28229